00766nam a2200217 a 450000100100000000500170001000800410002702000160006804100090008408200200009310000230011324500780013625000120021426000890022630000180031550000860033350000340041965000220045365000250047570000480050000005441220200120222839.0130129s1988 ck a gr 000 0 spa d a9580604118.0 a/spa04a133.52bC872211 aCurcio, Michèle.10aPerro /cMichèle Curcio ; traducción al español: Germán Espinosa. a1a. ed. aBogotá :bEditorial Oveja Negra ; Madrid : Editorial La Montaña Mágica,c1988. a170 p. :bil. aEj.1 de Biblioteca Mosquera corresponde a la colección de la Casa de la Cultura aTítulo original : Le chien.17aZodíaco.2LEMB.27aAstrología.2LEMB.1 aEspinosa, Germán,d1938-2007,etraductor.